000 00541nam a22001937a 4500
005 20230316144033.0
008 230217b |||||||| |||| 00| 0 eng d
020 _cRs.125.00
040 _aLoreto college
041 _aBengali
082 _a891.443
_bMUK
100 _aMukhopadhyay,Balaichand =Banaphul
245 _aBhuban som
_cBalaichand Mukhopadhyay
260 _aKolkata
_bBanishilpa
_c 2018
300 _a107p
650 _aFiction in Bengali
850 _aLCLIB
942 _cBK
999 _c43166
_d93645